| 000 -LEADER | |
|---|---|
| fixed length control field | 00417nam a22001577a 4500 |
| 005 - DATE AND TIME OF LATEST TRANSACTION | |
| control field | 20210325121203.0 |
| 008 - FIXED-LENGTH DATA ELEMENTS--GENERAL INFORMATION | |
| fixed length control field | 210325b ||||| |||| 00| 0 eng d |
| 082 ## - DEWEY DECIMAL CLASSIFICATION NUMBER | |
| Classification number | 345.408 23 |
| 100 ## - MAIN ENTRY--AUTHOR NAME | |
| Personal name | MANOHAR AND CHITALEY |
| 245 ## - TITLE STATEMENT | |
| Title | THE AIR MANUAL CIVIL AND CRIMINAL PENAL COAD[1860] SECTION-301 TO 409 , VOL-38 |
| 250 ## - EDITION STATEMENT | |
| Edition statement | 6TH, ED. |
| 260 ## - PUBLICATION, DISTRIBUTION, ETC. (IMPRINT) | |
| Place of publication | NAGPUR |
| 300 ## - PHYSICAL DESCRIPTION | |
| Number of Pages | 1872,p |
| 650 ## - SUBJECT ADDED ENTRY--TOPICAL TERM | |
| Topical Term | LAW |
| 942 ## - ADDED ENTRY ELEMENTS (KOHA) | |
| Koha item type | Journals/Serial |
| Lost status | Damaged status | Collection code | Home library | Current library | Shelving location | Date acquired | Source of acquisition | Full call number | Accession Number | Koha item type |
|---|---|---|---|---|---|---|---|---|---|---|
| LAW | JRU Library | JRU Library | SHELF-35-B | 25/03/2021 | PURCHESE | 345.408 23 | 25417 | Journals/Serial |